000 00318nam a2200133Ia 4500
008 180730s9999||||xx |||||||||||||| ||und||
020 _a9780823002290
082 _a791.433
_bWHI/T
100 _aWhite, Tony
245 4 _aThe Animator's Workbook
260 _aNew yark
_bW.G. Pub.
_c1988
300 _a160p
942 _aBK
999 _c2231
_d2231